New York in Literature Quiz Stats

 Plays Quiz Updated Oct 9, 2015

Also try: Literary Cities
Challenge
Share
Tweet
Embed
Score 0/24 Timer 06:00
1 Play Today
% Correct
The Great Gatsby
92.7%
The Catcher in the Rye
92.7%
The Godfather
84.1%
The Bell Jar
81.3%
Breakfast at Tiffany's
77.2%
The Fountainhead
76.6%
The Age of Innocence
67.8%
Jaws
64%
The Bonfire of the Vanities
63.8%
American Psycho
61.8%
Extremely Loud and Incredibly Close
53.4%
A Tree Grows in Brooklyn
50.9%
% Correct
The Wolf of Wall Street
50.2%
The Devil Wears Prada
49.7%
Rosemary's Baby
45.6%
Ragtime
45.3%
Sophie's Choice
44%
Washington Square
42.2%
The Chosen
40.7%
The Nanny Diaries
37.9%
Bright Lights, Big City
37.5%
Jazz
37.1%
From the Mixed-Up Files of Mrs. Basil E. Frankweiler
35.6%
Call It Sleep
19.9%

You're not logged in!

Compare scores with friends on all Sporcle quizzes.
OR
Log In

You Might Also Like...

Show Comments

Extras

Top Quizzes Today


Score Distribution

Your Account Isn't Verified!

In order to create a playlist on Sporcle, you need to verify the email address you used during registration. Go to your Sporcle Settings to finish the process.

Report this User

Report this user for behavior that violates our Community Guidelines.

Details: